000 00802cas a2200229 4500
001 L136470
008 070202n2004 eng u
022 1 _a1742-5921
035 _a(Sirsi) u136470
041 0 _aeng
110 2 _aUnited Kingdom Electronic Information Group
_95111
245 0 0 _aeLucidate
260 3 _a[S.l.]
_bUKEIG
_c2004-
362 0 _a1(1) January/February 2004-
520 _aThis title is available online in the libraries in Edinburgh and London only. Please ask library staff for details.
554 _aSix issues a year
651 4 _aUnited Kingdom
_y
690 _aMANAGEMENT-BUSINESS MANAGEMENT-INFORMATION MANAGEMENT
780 0 0 _tUKOLUG Newsletter
_x0957-8544
856 4 0 _uhttps://www.ukeig.org.uk
_zView the journal online at www.ukeig.org.uk...
942 _n0
999 _c118873
_d118873